| 000 | 00568nam a2200205Ia 4500 | ||
|---|---|---|---|
| 008 | 131103s9999 xx 000 0 und d | ||
| 020 | _a8185304599 | ||
| 040 | _aLoreto College | ||
| 041 | _aEnglish | ||
| 082 |
_a370.954/VID _bLCLIB/37620 |
||
| 245 | 4 |
_aThe golden book of Vidyasagar _cEdited by Ashim Mukhopadhyay |
|
| 260 |
_aKolkata _bAll bengal V.D.C.C _c1993 |
||
| 300 |
_a543p. _c 26cm. |
||
| 630 | _aEducation-Vidyasagar | ||
| 650 | _aVidyasagar | ||
| 651 | _aEducation | ||
| 700 | _aMukhopadhyay, Ashim | ||
| 850 | _aLCLIB/370.954/VID | ||
| 942 | _cBK | ||
| 999 |
_c23472 _d73951 |
||